000 00283nam a22001337a 4500
008 170922b xxu||||| |||| 00| 0 eng d
020 _a723812123513
041 _aeng
080 _a37
100 _a46
101 _aEDU
245 _aCOLLEGE ONLINE
_cDUFFY.J.P
942 _2udc
_cBK
999 _c29156
_d29156